000 00635nam a22001817a 4500
999 _c186855
_d186855
005 20220321151509.0
010 _aENG-132048
020 _a9789387234956
_c150.00
035 _aEN-115580
037 _bDBAD
082 _a485
245 _aCoral's Premier Book of Precis Writing Drafting & Report Writing/
_cEdited by Shrinivasan, S.
260 _aChennai
_bUnique Media Integrators
_c2019
270 _a#8, 6th Cross, 8th Main Road, Vaishnavi Nagar, Thirumullaivoyal
_bChennai
_e600109
_mcoralbooks2016@gmail.com
300 _a192p
_c21cm(pbk)
700 _aEdited by S, Shrinivasan
942 _2ddc
_cEN
_h485
_mSHR